Statistics for MLB Teams by Value

Click here to take the quiz!

General Stats

  • This quiz has been taken 32 times
  • The average score is 13 of 30

Answer Stats

ValueTeam% Correct
$6 BNew York Yankees
100%
$4.075 BLos Angeles Dodgers
95%
$3.9 BBoston Red Sox
79%
$3.8 BChicago Cubs
74%
$3.5 BSan Francisco Giants
68%
$2.65 BNew York Mets
63%
$2.2 BLos Angeles Angels
53%
$990 MMiami Marlins
53%
$2.45 BSt. Louis Cardinals
47%
$1.1 BTampa Bay Rays
47%
$1.76 BChicago White Sox
42%
$2.3 BPhiladelphia Phillies
42%
$2 BWashington Nationals
42%
$2.1 BAtlanta Braves
37%
$1.3 BCleveland Guardians
37%
$1.98 BHouston Astros
37%
$1.11 BKansas City Royals
37%
$1.39 BMinnesota Twins
37%
$1.18 BOakland Athletics
37%
$2.05 BTexas Rangers
37%
$1.78 BToronto Blue Jays
37%
$1.19 BCincinnati Reds
32%
$1.385 BColorado Rockies
32%
$1.32 BPittsburgh Pirates
32%
$1.7 BSeattle Mariners
32%
$1.4 BDetroit Tigers
26%
$1.575 BSan Diego Padres
26%
$1.38 BArizona Diamondbacks
21%
$1.375 BBaltimore Orioles
21%
$1.28 BMilwaukee Brewers
21%

Score Distribution

Percentile by Number Answered

Percent of People with Each Score

Your Score History

You have not taken this quiz